Cultivo industrial de hongos comestibles

Enregistré dans:
Détails bibliographiques
Collectivité auteur: CORFO (Auteur)
Format: Livre
Langue:espagnol
Publié: Santiago CORFO 1988
Sujets:
Tags: Ajouter un tag
Pas de tags, Soyez le premier à ajouter un tag!

MARC

LEADER 00000nam a2200000 a 4500
001 UCV7271
003 CL-VaPUC
008 901002e19880000CL |||||||||||||||||spa|d
082 0 4 |a 635.8  |b COR  |2 21 
110 2 |a CORFO  |e author  |9 301324 
245 1 0 |a Cultivo industrial de hongos comestibles 
300 |a 82 h 
942 |c BK 
945 |d 19901002 00:00:00 
260 |a Santiago  |b CORFO  |c 1988 
650 0 |a Hongos comestibles  |9 264476 
583 |a last modification  |c 19901002 00:00:00  |k Rodrigo Vera 
999 |c 212974  |d 212972 
952 |0 0  |1 0  |4 0  |6 635_800000000000000_COR_1988  |7 0  |8 A  |9 194874  |a BIBAGR  |b BIBAGR  |d 2019-11-14  |i 2630192  |l 1  |o 635.8 COR 1988  |p 2630192  |r 2025-01-20  |s 2024-11-15  |w 2019-11-14  |y BK  |k AGR